Folia Facultatis medicae Universitatis Šafarikianae Cassoviensis

Bibliographic Details
New Title:Folia medica Cassoviensia
Previous Title:Zborník Lekárskej fakulty Košice
Other Authors: Kohút, Anton, 1940-2011 (Publishing director), Pichanič, Michal (Publishing director), Jurkovič, Ivan, 1931-2021 (Publishing director), Longauer, František, 1940-2014 (Publishing director)
Format: Serial
Language:Slovak
PhysicalDescription:9 zv. grafy, obr., tab. 23 cm
Published: Martin Osveta 1987-1995
Košice Redakčno - vydavateľské oddelenie Vysokej vojenskej školy letectva gen. M.R. Štefánika
ISBN:8021701056 (brož. : 46/1989)
8021702265 (brož. : 47/1990)
802170246X (brož. : 48/1991)
8021704306 (brož. : 49/1992)
8021705132 (brož. : 50/1993)
8071660094 (brož. : 51/1994)
8071660213 (brož. : 52/1995)
ISSN:1337-7817
Subjects:

MARC

LEADER 00000cas a2200000 a 4500
001 vtls001371824
003 SK-MaSNL
005 20260228155745.0
008 990907d19871995xo ar 0 0b0slo
015 |a a SNBA1991/04 (47/1990)  |a SNBA1994/06 (50/1993/1) 
020 |a 8021701056 (brož. : 46/1989) 
020 |a 8021702265 (brož. : 47/1990) 
020 |a 802170246X (brož. : 48/1991) 
020 |a 8021704306 (brož. : 49/1992) 
020 |a 8021705132 (brož. : 50/1993) 
020 |a 8071660094 (brož. : 51/1994) 
020 |a 8071660213 (brož. : 52/1995) 
035 |a SNK000325648 
040 |a SNK  |b slo  |c SNK  |e AACR2 
041 0 |a slo  |b eng  |b rus 
044 |a xo  |c SK 
072 7 |a 61  |x Lekárske vedy. Medicína  |2 konspekt 
080 |a 61  |2 2011 
080 |a (082)  |2 2011 
080 |a 050  |2 2011 
245 0 0 |a Folia Facultatis medicae Universitatis Šafarikianae Cassoviensis 
246 1 3 |a Zborník vedeckých prác Lekárskej fakulty Univerzity P.J. Šafarika v Košiciach 
246 1 4 |a Folia Facultatis medicae  |f 1987-1995 
260 |a Martin  |b Osveta  |c 1987-1995 
260 2 |3 51/1994-52/1995  |a Košice  |b Redakčno - vydavateľské oddelenie Vysokej vojenskej školy letectva gen. M.R. Štefánika 
300 |a 9 zv.  |b grafy, obr., tab.  |c 23 cm 
310 |a 1x ročne 
362 0 |a Tomus XLIV, fasc. 1 (1987)-tomus LII, fasc. 1 (1995) 
500 |a Vydala Osveta a Redakčno - vydavateľské oddelenie Vysokej vojenskej školy letectva gen. M.R. Štefánika v Košiciach pre Lekársku fakultu Univerzity P.J. Šafarika v Košiciach 
500 |a Odb. red.: 44/1987-47/1990, Anton Kohút ; 48/1991 Michal Pichanič ; 49/1992-50/1993, Ivan Jurkovič ; 51/1994-52/1995, František Longauer 
504 |a Bibliogr., bibliogr. odkazy 
546 |a Res. rus., angl. 
650 0 7 |a medicína  |2 SNKPH  |9 899 
655 7 |a zborníky  |2 SNKPH  |9 70165 
700 1 |a Kohút, Anton,  |d 1940-2011  |4 pbd  |9 39683 
700 1 |a Pichanič, Michal  |4 pbd  |9 265273 
700 1 |a Jurkovič, Ivan,  |d 1931-2021  |4 pbd  |9 240827 
700 1 |a Longauer, František,  |d 1940-2014  |4 pbd  |9 37534 
710 2 |a Univerzita Pavla Jozefa Šafárika v Košiciach.  |b Lekárska fakulta  |4 pbl  |9 118212 
780 0 0 |t Zborník Lekárskej fakulty Košice  |w vtls001114712 
785 0 0 |t Folia medica Cassoviensia  |x 1337-7817  |w vtls001477629 
910 |a snk 
916 |a 1987-1995 
919 |a 80-217-0105-6 
919 |a 80-217-0226-5 
919 |a 80-217-0246-X 
919 |a 80-217-0430-6 
919 |a 80-217-0513-2 
919 |a 80-7166-009-4 
919 |a 80-7166-021-3 
958 |a NB 
999 |c 441  |d 441 
952 |0 0  |1 0  |4 0  |7 0  |a SNK  |b SNK  |d 2009-03-11  |f 1  |i snkKSP 895/92  |l 0  |o snkČSC 1027/48/1991/1  |p 17A0614858  |r 2026-02-21 19:30:46  |w 2026-02-21  |y PREZ 
952 |0 0  |1 0  |4 0  |7 0  |a SNK  |b SNK  |d 2003-11-12  |i snkKSP 1690/90  |l 0  |o snkČSC 1027/46/1989/1 D1  |p 17A0402697  |r 2004-12-31 00:00:00  |w 2026-02-21  |y PREZ 
952 |0 0  |1 0  |4 0  |7 0  |a SNK  |b SNK  |d 2006-06-27  |f 1  |i snkKSP 1756/91  |l 0  |o snkČSC 1027/47/1990/1  |p 17A0515454  |r 2026-02-21 20:04:21  |w 2026-02-21  |y PREZ 
952 |0 0  |1 0  |4 0  |7 0  |a SNK  |b SNK  |d 2006-06-27  |f 1  |i snkKSP 2009/93  |l 0  |o snkČSC 1027/49/1992/1  |p 17A0515442  |r 2026-02-21 20:04:21  |w 2026-02-21  |y PREZ 
952 |0 0  |1 0  |4 0  |7 0  |a SNK  |b SNK  |d 1997-02-20  |f 1  |i snkKSP 1689/90  |l 0  |o snkČSC 1027/46/1989/1  |p 17A0039291  |r 2004-12-31 00:00:00  |w 2026-02-21  |y PREZ 
952 |0 0  |1 0  |4 0  |7 0  |a SNK  |b SNK  |d 1999-01-12  |l 0  |o snkČSC 1027/49/1992 D1  |p 17A0176238  |r 2004-12-31 00:00:00  |w 2026-02-21  |y PREZ 
952 |0 0  |1 0  |4 0  |7 0  |a SNK  |b SNK  |d 1999-07-13  |l 0  |o snkČSC 1027/50/1993 D1  |p 17A0199114  |r 2004-12-31 00:00:00  |w 2026-02-21  |y PREZ 
952 |0 0  |1 0  |4 0  |7 0  |a SNK  |b SNK  |d 2002-12-19  |f 1  |i snkKSP 4985/94  |l 0  |o snkČSC 1027/50/1993/1  |p 17A0368320  |r 2004-12-31 00:00:00  |w 2026-02-21  |y PREZ 
952 |0 0  |1 0  |4 0  |7 0  |a SNK  |b SNK  |d 2000-03-21  |f 1  |i snkKSP 9452/94  |l 0  |o snkČSC 1027/51/1994/1  |p 17A0231939  |r 2004-12-31 00:00:00  |w 2026-02-21  |y PREZ 
952 |0 0  |1 0  |4 0  |7 0  |a SNK  |b SNK  |d 1997-10-13  |f 1  |i snkKSP 10840/88  |l 0  |o snkČSC 1027/45/1988/1  |p 17A0102354  |r 2004-12-31 00:00:00  |w 2026-02-21  |y PREZ 
952 |0 0  |1 0  |4 0  |7 0  |a SNK  |b SNK  |d 2012-01-05  |i snkKSP 896/92  |l 0  |o snkČSC 1027/48/1991 D1  |p 17A0761746  |r 2026-02-21 20:29:48  |w 2026-02-21  |y PREZ 
952 |0 0  |1 0  |4 0  |7 0  |a SNK  |b SNK  |d 1996-09-25  |f 1  |i snkKSP 7809/96  |l 0  |o snkČSC 1027/52/1995/1  |p 17A0011609  |r 2005-01-01 00:00:00  |w 2026-02-21  |y PREZ 
952 |0 0  |1 0  |4 0  |7 0  |a SNK  |b SNK  |d 1996-09-25  |i snkKSP 7810/96  |l 0  |o snkČSC 1027/52/1995 D1  |p 17A0011610  |r 2005-01-01 00:00:00  |w 2026-02-21  |y PREZ 
952 |0 0  |1 0  |4 0  |7 0  |a SNK  |b SNK  |d 1997-02-06  |i snkKSP 1757/91  |l 0  |o snkČSC 1027/47/1990/1 D1  |p 17A0036430  |r 2005-01-02 00:00:00  |w 2026-02-21  |y PREZ 
952 |0 0  |1 0  |4 0  |7 0  |a SNK  |b SNK  |d 2010-01-26  |f 1  |i snkKSP 2257/88  |l 0  |o snkČSC 1027/44/1987/1  |p 17A0209973  |r 2026-02-21 21:41:24  |w 2026-02-21  |y PREZ